Approaches to volatility estimation based on historical data

Teoretické a praktické perspektívy volatility. Prístupy odhadu volatility: Brownov, Parkinsonov, Garman-Klassov, Rogers-Satchellov, Yang-Zhang, close-to-close. Postup odhadu dennej a ročnej volatility.

Na minha lista:
Detalhes bibliográficos
Autor principal: Boďa, Martin
Formato: Capítulo de Livro
Idioma:inglês
Assuntos:
Tags: Adicionar Tag
Sem tags, seja o primeiro a adicionar uma tag!

MARC

LEADER 00000naa$a2200000$$$4500
001 0085492
005 20220505122755.3
041 0 |a eng 
044 |a SK 
245 1 0 |a Approaches to volatility estimation based on historical data  |c Martin Boďa 
520 |a Teoretické a praktické perspektívy volatility. Prístupy odhadu volatility: Brownov, Parkinsonov, Garman-Klassov, Rogers-Satchellov, Yang-Zhang, close-to-close. Postup odhadu dennej a ročnej volatility. 
610 2 0 |a volatilita 
610 2 0 |a história 
610 2 0 |a teória finančná 
610 2 0 |a risk management 
100 1 |a Boďa, Martin